Common Passwords Quiz Stats

 Plays Quiz Updated Jun 12, 2019

Score 0/20 Timer 04:00
0 Plays Today
Rank Password % Correct
18123
87.8%
4password
83.5%
151234
71.6%
1012345
49.2%
1123456
47.3%
612345678
38.9%
3qwerty
27.3%
7abc123
13.4%
111234567890
11%
2123456789
10.5%
Rank Password % Correct
161q2w3e4r5t
7.6%
12123123
7%
51111111
6.9%
20dragon
5.6%
9password1
5.1%
14Iloveyou
4.8%
19monkey
4.6%
81234567
3.2%
13000000
2.7%
17Qwertyuiop
2.5%

You're not logged in!

Compare scores with friends on all Sporcle quizzes.
OR
Log In

Sporcle TV

Today on Sporcle TV


Watch our educational content, quiz creation guides, and fun videos on Sporcle TV.

Show Comments

Extras

Top Quizzes Today


Score Distribution

Your Account Isn't Verified!

In order to create a playlist on Sporcle, you need to verify the email address you used during registration. Go to your Sporcle Settings to finish the process.

Report this User

Report this user for behavior that violates our Community Guidelines.

Details: